000 00391nam a2200145Ia 4500
008 221030s9999 xx 000 0 und d
020 _a8131717158
041 _aEnglish
100 _aJ. C. Jackson
245 0 _aWeb Technologies : A Computer Science Perspective
_cby J. C. Jackson
260 _bPearson Edcuation
_aNew Delhi
_c2014
300 _a590
650 _aBB Computer
942 _cBK
999 _c15401
_d15401